| 000 | 00491nam a2200181 a 4500 | ||
|---|---|---|---|
| 001 | 4147 | ||
| 003 | CDMR | ||
| 005 | 20130320131852.0 | ||
| 008 | 130130s1993||||||||||||||||||||||||||||d | ||
| 020 | _a8480670134 | ||
| 040 |
_aCDMR _bcat _cCPC GIRONA |
||
| 100 | 1 |
_93041 _aGrabuleda, Josep |
|
| 245 | 0 |
_aBanyoles _cJosep Grabuleda i Josep Tarrús |
|
| 260 |
_bDiputació de Girona _a[Girona] |
||
| 260 |
_c1993 _bCaixa Girona |
||
| 490 | 0 |
_aQuaderns de la Revista de Girona _v40 |
|
| 942 |
_cMON _2udc |
||
| 999 |
_c4147 _d4147 |
||